00709nam a2200217Ia 4500003000900000008004100009020001800050040001600068080001500084100002700099245008800126260003600214300001300250650003300263650002700296650002500323700002700348942000700375999001700382952009200399IN-BaIIA211028s9999 xx 000 0 eng d a0-13-317439-5 cIIA Library a519.6bPOT aPotts, J. Frank920482 0aFinite element applications with microcomputerscJ. Walter Oler and J. Frank Potts  aNew JerseybPrentice-Hallc1989 ax, 307p. aFinite element method920263 aFinite elements917065 aMicrocomputers99969 aOler, J. Walter920483 cBK c11801d11801 00104070aBANbBANcGENd1996-07-09l0o519.6/ POTp12716r2021-11-05w1996-07-09yBK